Big Pharma - Freeze Corleone - Statistiques

Statistiques générales
  • Ce quiz a été pris 6 fois
  • Le résultat moyen est 282 sur 478
Statistiques - réponses
Hint Réponse % Correct
à
100%
A
100%
au
100%
Big
100%
comme
100%
Dans
100%
dans
100%
Refrain Fuck
100%
fuck
100%
j'suis
100%
Couplet unique | Outro J'suis
100%
le
100%
les
100%
mots
100%
négro
100%
Négro
100%
pharma
100%
Pharma
100%
s/o
100%
12
75%
allergique
75%
aux
75%
ces
75%
consommé
75%
côté
75%
des
75%
d'résine
75%
et
75%
Et
75%
insignes
75%
j'ai
75%
Jean-Marie
75%
la
75%
l'complot
75%
l'piège
75%
pas
75%
plaques
75%
téléphone
75%
tout
75%
trop
75%
vous
75%
6
50%
baril
50%
barrages
50%
Brésil
50%
cage
50%
certif'
50%
Codéine
50%
Cross-over
50%
cyanure
50%
Dakar
50%
Découpe
50%
Devant
50%
Intro Ekip
50%
ekip
50%
Falcao
50%
faut
50%
Faut
50%
fufus
50%
garages
50%
gros
50%
grosse
50%
illicites
50%
j'veux
50%
l'cash
50%
lin
50%
ma
50%
m'donnez
50%
mentalité
50%
moi
50%
m'vois
50%
négros
50%
on
50%
parages
50%
passé
50%
passez
50%
prod'
50%
Qui
50%
qui
50%
R.A.F
50%
rime
50%
si
50%
Si
50%
SSX
50%
stepback
50%
sur
50%
temps
50%
trouve-moi
50%
tu
50%
Tu
50%
v'-esqui
50%
100
25%
100-6
25%
Bientôt
25%
c'est
25%
commences
25%
crimes
25%
cristal
25%
depuis
25%
du
25%
éclaté
25%
été
25%
FFX
25%
Fin
25%
financer
25%
Francis
25%
frappe
25%
fume
25%
grand
25%
grésillent
25%
Ilicic
25%
interdites
25%
Jack
25%
j'fais
25%
j'investis
25%
j'les
25%
Lambo
25%
l'mic
25%
match
25%
même
25%
mixe
25%
mois
25%
Osirus
25%
Phrases
25%
pour
25%
rappes
25%
sans
25%
six
25%
sobre
25%
soupapes
25%
stagne
25%
troisième
25%
un
25%
va
25%
y'avait
25%
106
0%
a.k.a
0%
allergiques
0%
arsenic
0%
artisanal
0%
Auron
0%
bombe-poseur
0%
Bowser
0%
canne
0%
certifs
0%
Chen
0%
concu'
0%
contre
0%
cream
0%
Déoupe
0%
déter'
0%
DGK
0%
d'homicides
0%
domicile
0%
d'score
0%
existent
0%
France
0%
green
0%
grosses
0%
hési
0%
hey
0%
ils
0%
Instrumentale
0%
j'allume
0%
j'cause
0%
j'étais
0%
j'évolue
0%
j'mets
0%
J'retire
0%
J'souris
0%
Kicke
0%
l'coin
0%
l'extérieur
0%
liasses
0%
Mauser
0%
missiles
0%
moins
0%
pédophile
0%
pétasse
0%
poseurs
0%
prods
0%
quand
0%
Que
0%
qu'j'ouvre
0%
roquettes
0%
Ruger
0%
scam
0%
tableau
0%
t'initie
0%
v'là
0%
Zen
0%
Aucun quiz correspondant
Distribution des résultats
% des personnes avec chaque résultat
Percentile par nombre de réponses
Votre historique - résultats
Vous n’avez pas pris ce quiz